| 000 | 01553cam a22004097a 4500 | ||
|---|---|---|---|
| 001 | 000007143 | ||
| 003 | CHAP | ||
| 005 | 20220329133510.0 | ||
| 008 | 971013s1991 mx r 00010 spa d | ||
| 010 | _a7087 | ||
| 011 | _a8059 | ||
| 035 | _a7284 | ||
| 040 | _cCHAP | ||
| 082 |
_a630.972 _bR65 |
||
| 100 | 0 | 0 |
_aRojas Rabiela, Teresa. _999356 |
| 245 | 1 | 3 |
_aLa agricultura en tierras mexicana : _bdesde sus orígenes hasta nuestros días / _cpor Teresa Rojas Rabiela. |
| 260 |
_aMéxico, D.F. : _bGrijalbo, _c1991. |
||
| 300 |
_a420 p. : _b: ilus. ; gráfs. |
||
| 490 | 4 |
_aLos noventa _v; 71 |
|
| 590 |
_aBATCH-UPD _b10 _c20130110 _lUCH01 _h1122 |
||
| 590 |
_aBATCH-UPD _b10 _c20130410 _lUCH01 _h0712 |
||
| 590 |
_aBATCH-UPD _b10 _c20130914 _lUCH01 _h0038 |
||
| 590 |
_aCONVERSION _b10 _c20130109 _lUCH01 _h1305 |
||
| 590 |
_aE5995AHE _b05 _c20150519 _lUCH01 _h1345 |
||
| 650 | 1 | 4 |
_aAgricultura _xHistoria _xMéxico. _91521 |
| 650 | 1 | 4 |
_aAgricultura _zMéxico. _91932 |
| 710 | 0 |
_aConsejo Nacional para la Cultura y las Artes. México. _927328 |
|
| 830 | 4 |
_aLos noventa _v; 71 _968574 |
|
| 901 | _aBK | ||
| 942 | _cLIBRO | ||
| 942 | _n0 | ||
| 949 |
_a630.972 R65 _bBC _cESP _d33724000605390 _eESP _fc.2 _h82800 _i7284 _si _t25.00 |
||
| 949 |
_a630.972 R65 _bBC _cESP _d33724000906657 _eESP _fc.5 _h82798 _i7284 _sb |
||
| 949 |
_a630.972 R65 _bBC _cLIBRO _d-85493 _eLIBRO _fc.4 _h82802 _i7284 _si _t25.00 |
||
| 949 |
_a630.972 R65 _bBC _cLIBRO _d33724000612073 _eLIBRO _h82799 _i7284 _mDir _si _t25.00 |
||
| 949 |
_a630.972 R65 _bBC _cLIBRO _d33724000750212 _eLIBRO _fc.3 _h82801 _i7284 _si _t25.00 |
||
| 999 |
_c7087 _d7087 |
||